| 000 | 01920cam a2200553 a 4500 | ||
|---|---|---|---|
| 001 | 22004 | ||
| 003 | VRT | ||
| 005 | 20260317144851.0 | ||
| 008 | 240318s2016 xr a c 000 f slo | ||
| 015 | _aSNBZSA2016 | ||
| 020 |
_a9788000042930 _q(brožované) |
||
| 035 | _a337896D2-48A7-4D1F-A849-A06C92CD1A48 | ||
| 035 | _aurn:nbn:sk:snk-amlp24 | ||
| 035 | _aurn:nbn:sk:snk-am00bxhn | ||
| 039 | 9 |
_a202403182238 _bVLOAD _c202401081249 _dAUTHORITY _c201707060930 _dVLOAD _c201610041309 _dmtotk19 |
|
| 040 |
_aPPPK _bslo _cPPPK _dSNK _eAACR2 |
||
| 041 | 1 |
_aslo _heng |
|
| 044 |
_axr _cCZ |
||
| 072 | 7 |
_a821.111(73)-3 _xAmerická próza _2konspekt |
|
| 072 | 7 |
_a821-93 _xLiteratúra pre deti a mládež (beletria) _2konspekt |
|
| 080 |
_a821.111(73)-31 _22011 |
||
| 080 |
_a821-93 _22011 |
||
| 080 |
_a(0:82-31) _22001 |
||
| 100 | 1 |
_aPatterson, James, _d1947- _4aut |
|
| 240 | 1 | 0 |
_aMidle school get me out of here _lSlovensky |
| 245 | 1 | 0 |
_aMôj najhorší školský rok _bnech je už po ňom! _cJames Patterson a Chris Tebbetts ; ilustrovala Laura Parková ; [z anglického originálu ... preložil Milan Kopecký] |
| 246 | 3 | 0 | _aNech je už po ňom |
| 250 | _a1. slovenské vydanie | ||
| 260 |
_aV Prahe _bAlbatros _c2016 |
||
| 300 |
_a265 s. _bilustr. _c20 cm |
||
| 655 | 7 |
_aamerické romány _2SNKPH |
|
| 655 | 7 |
_apublikácie pre deti _2SNKPH |
|
| 655 | 7 |
_aAmerican novels _2SNKPHeng |
|
| 655 | 7 |
_aChildren's literature _2SNKPHeng |
|
| 700 | 1 |
_aTebbetts, Chris _4aut |
|
| 700 | 1 |
_aPark, Laura, _d1980- _4ill |
|
| 700 | 1 |
_aKopecký, Milan, _d1984- _4trl |
|
| 910 | _apppk | ||
| 910 | _apokpoh | ||
| 910 | _asllk | ||
| 910 | _attkjf | ||
| 910 | _asnk | ||
| 910 | _ahevk | ||
| 910 | _askpk | ||
| 910 | _avthk | ||
| 910 | _atotk | ||
| 942 |
_2ddc _cKLDE _n0 |
||
| 949 |
_617A1198181 _asnkSD 85351/2 _bsnk2016/15048 _oVydavatelství a nakladatelství Aleš Čeněk57-ah/19Int. č. fa – 39/2016 _s6100:20160928 |
||
| 999 |
_c22004 _d22004 |
||